| 000 | 00926cam a2200193 4500 | ||
|---|---|---|---|
| 001 | ABS60792 | ||
| 008 | 000000n1999 000 0 eng u | ||
| 035 | _a(Sirsi) u101288 | ||
| 100 | _aShea, C. | ||
| 245 | 2 | _aA case approach to the right of re-entry. | |
| 260 | _c1999 | ||
| 490 |
_aProperty Week _v64(25) 25 June 1999, 69(1) |
||
| 520 | _aExamines the case "In re Lomax Leisure Ltd" where it was judged that a peaceable re-entry to end a lease where a petition for an administration order had been presented but the order not yet made was not a step to enforce security over the company's property, and therefore the re-entry was valid. Discusses other 'self-help' remedies for landlords which are not looked upon so kindly in the insolvency legislation. | ||
| 650 | _aADMINISTRATION ORDERS | ||
| 650 |
_aInsolvency _96247 |
||
| 690 | _aLANDLORD AND TENANT-BUSINESS TENANCIES | ||
| 700 | _aTanney, A. | ||
| 942 | _n0 | ||
| 999 |
_c60439 _d60439 |
||